Normal view
MARC view
Entry Personal Name
001 - CONTROL NUMBER
- control field: 5715
003 - CONTROL NUMBER IDENTIFIER
- control field: BD-RjUL
005 - DATE AND TIME OF LATEST TRANSACTION
- control field: 20221105145327.0
008 - FIXED-LENGTH DATA ELEMENTS
- fixed length control field: 221105|| aca||aabn | a|a d
040 ## - CATALOGING SOURCE
- Original cataloging agency: BD-RjUL
- Transcribing agency: BD-RjUL
100 ## - HEADING--PERSONAL NAME
- Personal name: Parveen, Shamima Akhter
670 ## - SOURCE DATA FOUND
- Source citation: Work cat.: (BD-RjUL)80715: Parveen, Shamima Akhter, Pesiticidal properties of anacardium occidentale L. against tribolium castaneum (Hbst.) /, 2003